000 00706nam a2200229Ia 4500
003 OSt
005 20220926013741.0
006 a|||||r|||| 00| 0
007 ta
008 220923b |||||||| |||| 00| 0 eng d
037 _cGeneral Book
040 _aRTL
_cRTL
_beng
041 _2eng
_aeng
082 _aX:77.7918.N64<---N47, K8
100 _aLeff Nathaniel H.
_9276773
245 0 _aEconomic policy making and development in Brazil, 1947- 1964.
260 _aNew York
_bJohn Wiley & Sons Inc.
_c1968
300 _axiv,201p.
_ccm.
650 _aEconomic Development
_917300
942 _hX:77.7918.N64<---N47, K8
_cGB
_2CC
999 _c626771
_d626771